Catálogo público

Evaluación espacio-temporal de la precipitación de imágenes del satélite GOES 16 en la cuenca del Rio Chapingo/ (Record no. 220879)

MARC details
000 -CABECERA
campo de control de longitud fija 03472nam a2200325 a 4500
003 - IDENTIFICADOR DEL NÚMERO DE CONTROL
campo de control OSt
005 - FECHA Y HORA DE LA ÚLTIMA TRANSACCIÓN
campo de control 20250930093715.0
007 - CAMPO FIJO DE DESCRIPCIÓN FÍSICA--INFORMACIÓN GENERAL
campo de control de longitud fija cr ||||||a|a|a
008 - DATOS DE LONGITUD FIJA--INFORMACIÓN GENERAL
campo de control de longitud fija 250902s2025 mx a|||fom||| 001 0 spa d
040 ## - FUENTE DE LA CATALOGACIÓN
Normas de descripción rda
100 1# - ENTRADA PRINCIPAL--NOMBRE DE PERSONA
Nombre de persona Hernández Urtiz, Sthepania
9 (RLIN) 191008
245 10 - MENCIÓN DE TÍTULO
Título Evaluación espacio-temporal de la precipitación de imágenes del satélite GOES 16 en la cuenca del Rio Chapingo/
Mención de responsabilidad, etc. por Karla Ximena Díaz Flores y Sthepania Hernández Urtiz; director de tesis Jorge Víctor Prado Hernández; secretario Adolfo López Pérez; vocal David Cristóbal Acevedo; suplente Jesús José Fernándo Sánchez Morales; suplente Mario Albero Vázquez Peña.<br/><br/>
264 #1 - PRODUCCIÓN, PUBLICACIÓN, DISTRIBUCIÓN, FABRICACIÓN Y COPYRIGHT
Producción, publicación, distribución, fabricación y copyright Chapingo, México :
Nombre del de productor, editor, distribuidor, fabricante El autor,
Fecha de producción, publicación, distribución, fabricación o copyright 2025.
300 ## - DESCRIPCIÓN FÍSICA
Extensión 1 recurso en línea (73 páginas):
Otras características físicas cuadros, figuras.
336 ## - TIPO DE CONTENIDO
Fuente rdacontent
Término de tipo de contenido texto
Código de tipo de contenido txt
337 ## - TIPO DE MEDIO
Fuente rdamedia
Nombre/término del tipo de medio computadora
Código del tipo de medio c
338 ## - TIPO DE SOPORTE
Fuente rdacarrier
Nombre/término del tipo de soporte recurso en línea
Código del tipo de soporte cr
502 ## - NOTA DE TESIS
Tipo de título Ingeniería en Recursos Naturales Renovables
Nombre de la institución que otorga el título Departamento de Enseñanza, Investigación y Servicio en Suelos,
Año de obtención del título 2025.
Información miscelánea Licenciatura
504 ## - NOTA DE BIBLIOGRAFÍA, ETC.
Nota de bibliografía, etc. Incluye referencias bibliográficas: páginas 65-69.
520 ## - SUMARIO, ETC.
Sumario, etc. La estimación de la precipitación en las cuencas hidrológicas es fundamental para gestionar eficientemente los recursos hídricos. No obstante, en México la red de estaciones pluviométricas y la información disponible y confiable es insuficiente, por lo que limita esta labor. Ante esta situación, resulta necesario identificar fuentes alternativas para la obtención de información de la precipitación. Por tal motivo, se evaluó la viabilidad del satélite GOES‑16 para estimar la precipitación total diaria en la cuenca del Río Chapingo, situada en el Eje Neovolcánico Transversal Mexicano con una superficie de 15.47 km2, tomando como referencia la información de cinco eventos de lluvia de agosto y octubre de 2022, registrada por cuatro pluviógrafos ubicados en sitios estratégicos de la cuenca. Se aplicaron técnicas de correlación, y estadísticos de asociación y dispersión del error entre la información observada y estimada. Las técnicas de correlación cruzada y de alineamiento temporal dinámico, mostraron una pobre correlación entre las precipitaciones diarias totales observadas y estimadas, lo cual quedó evidenciado por los valores del coeficiente de determinación (R2), la raíz cuadrada del error cuadrático medio (RMSE) y el índice de eficiencia de Nash-Sutcliffe (NSE), cuyos valores fueron 0.0187, 31.49 mm y - 7.38, respectivamente. De forma general, se observó una mejor correlación en eventos de mayor magnitud y uniformidad espacial; en este último caso resultaron valores de 0.45, 1.49 mm y 0.10 para R2, RMSE y NSE. Los resultados sugieren revisar una mayor cantidad de eventos de lluvia y analizar otras fuentes indirectas de información de precipitación, así como investigar técnicas depuración de la información.
650 #4 - PUNTO DE ACCESO ADICIONAL DE MATERIA--TÉRMINO DE MATERIA
Término de materia o nombre geográfico como elemento de entrada Precipitación (meteorología)
Subdivisión general Modelos matemáticos
9 (RLIN) 190776
650 #4 - PUNTO DE ACCESO ADICIONAL DE MATERIA--TÉRMINO DE MATERIA
Término de materia o nombre geográfico como elemento de entrada Precipitación (Meteorología)
Subdivisión general Métodos estadísticos
9 (RLIN) 129760
700 1# - PUNTO DE ACCESO ADICIONAL--NOMBRE DE PERSONA
Nombre de persona Prado Hernández, Jorge Víctor
9 (RLIN) 91267
Término indicativo de función/relación director.
700 1# - PUNTO DE ACCESO ADICIONAL--NOMBRE DE PERSONA
Nombre de persona López Pérez, Adolfo
9 (RLIN) 68219
Término indicativo de función/relación secretario.
700 1# - PUNTO DE ACCESO ADICIONAL--NOMBRE DE PERSONA
Nombre de persona Cristóbal Acevedo, David
9 (RLIN) 28994
Término indicativo de función/relación vocal.
700 1# - PUNTO DE ACCESO ADICIONAL--NOMBRE DE PERSONA
Nombre de persona Sánchez Morales, Jesus Jose Fernando
9 (RLIN) 131467
Término indicativo de función/relación suplente.
700 1# - PUNTO DE ACCESO ADICIONAL--NOMBRE DE PERSONA
Nombre de persona Vázquez Peña, Mario Alberto
9 (RLIN) 120466
Término indicativo de función/relación suplente.
856 ## - LOCALIZACIÓN Y ACCESO ELECTRÓNICOS
Nota pública DESCARGAR PDF
Identificador Uniforme del Recurso http://10.13.5.2/tesis/tl/1610604-2_Y_1811177-3_DIAZ_FLORES_KARLAXIMENA_HERNANDEZ_URTIZ_STHEPANIA.pdf
942 ## - ELEMENTOS DE PUNTO DE ACCESO ADICIONAL (KOHA)
Fuente del sistema de clasificación o colocación http://10.13.5.2/tesis/
Tipo de ítem Koha Tesis digital
Holdings
Estado de retiro Estado de pérdida Fuente del sistema de clasificación o colocación Estado dañado Restricciones de uso No para préstamo Código de colección Localización permanente Ubicación/localización actual Ubicación en estantería Fecha de adquisición Total de préstamos Signatura topográfica completa Fecha visto por última vez Precio válido a partir de Tipo de ítem Koha
    Clasificación Universidad Autónoma de Chapingo   Préstamo interno   Tesis digitales de Licenciatura Biblioteca Digital Biblioteca Digital En línea 02/09/2025   Tesis digital 02/09/2025 02/09/2025 Tesis digital